00590nam a22001937a 450000500170000001000150001702000270003203500130005903700180007208200100009010000200010024500790012025000110019926000390021027000450024930000200029450000360031450000460035020151023111049.0 aENG-114000 c1000.00a9789350450796 aEN-97532 bDBAD/PUBadpl a230.1 aSawant, Shivaji aMrityunjaya the death conqueror cby Shivaji Sawantbthe story of Karna /  a5th ed aCalcutta bWriters Workshop c2014 a162/92, Lake Garden, bCalcutta e700045 a697p.c22cm(Hb) aTranslation of: Mr̥tyuñjaya. aOn the life of Karṇa (Hindu mythology).